Chuyển đến nội dung
Inicio
Centros participantes
Catálogo
Servicios
Contacto
Đăng nhập
English
Deutsch
Español
Français
Italiano
日本語
Nederlands
Português
Português (Brasil)
中文(简体)
中文(繁體)
Türkçe
עברית
Gaeilge
Cymraeg
Ελληνικά
Català
Euskara
Русский
Čeština
Suomi
Svenska
polski
Dansk
slovenščina
اللغة العربية
বাংলা
Galego
Tiếng Việt
Hrvatski
हिंदी
Հայերէն
Українська
Sámegiella
Ngôn ngữ
Tất cả các trường
Tiêu đề
Tác giả
Chủ đề
Số hiệu
số ISBN/ISSN
Nhãn
Tìm kiếm
Nâng cao
Primeros elementos del proyect...
Trích dẫn điều này
Email này
In
Xuất bản ghi
Xuất tới RefWorks
Xuất tới EndNoteWeb
Xuất tới EndNote
Lưu vào danh sách
Liên kết dài hạn
Agregar primera valuación
Primeros elementos del proyecto AMELA
Đã lưu trong:
Chi tiết về thư mục
Tác giả của công ty:
Ministere de l'industrie et de la recherche
Định dạng:
Texto
Được phát hành:
París:
MIDIST
Các nhãn:
Thêm thẻ
Không có thẻ, Là người đầu tiên thẻ bản ghi này!
Đang giữ
Miêu tả
Những bình luận
Những quyển sách tương tự
Chế độ xem nhân viên
MARC
LEADER
00000 a a2200000 04500
001
24609
003
040
|a
CRAI/IIS
|c
CRAI/IIS
090
|a
169600
110
|a
Ministere de l'industrie et de la recherche
245
|a
Primeros elementos del proyecto AMELA
260
|a
París:
|b
MIDIST
300
|a
151 p.
999
|c
16448
|d
16448
Những quyển sách tương tự
Mercado de trabajo urbano y movimiento sindical. Avance de investigación
Bằng: Farrel, Gilda
Socio - economic indicators planning: methodological aspects and selected examples
Indicadores económicos
El Proceso de integración en América Latina en 1982 /
Changes in world economic conditions - implications in Latin America /
Bằng: Esser, Klaus